Các nhà vật lý đi tiên phong
Giới thiệu những chặng đường lịch sử của Vật lý học; Các nhà vật lý đi tiên phong như G.Galilê, I.Niutơn, M.Farađê,...
Đã lưu trong:
| Tác giả chính: | |
|---|---|
| Định dạng: | Sách |
| Năm xuất bản: |
H.
Khoa học và kỹ thuật
1978
|
| Chủ đề: | |
| Tags: |
Thêm thẻ
Không có thẻ, Hãy là người đầu tiên gắn thẻ bản ghi này!
|
| LEADER | 00918nam a2200169 4500 | ||
|---|---|---|---|
| 082 | |a 530.092 |b L250M | ||
| 100 | |a Lê Minh Triết | ||
| 245 | |a Các nhà vật lý đi tiên phong |c Lê Minh Triết | ||
| 260 | |a H. |b Khoa học và kỹ thuật |c 1978 | ||
| 300 | |a 179tr. |c 21cm | ||
| 520 | |a Giới thiệu những chặng đường lịch sử của Vật lý học; Các nhà vật lý đi tiên phong như G.Galilê, I.Niutơn, M.Farađê,... | ||
| 653 | |a Vật lý | ||
| 653 | |a Nhà bác học | ||
| 942 | |2 ddc |c STK0 | ||
| 999 | |c 6220 |d 6220 | ||
| 952 | |0 0 |1 0 |2 ddc |4 0 |6 530_092000000000000_L250M |7 0 |8 500 |9 57196 |a qbu |b qbu |c D3 |d 2015-01-16 |g 36000 |o 530.092 L250M |p 5917.c1 |r 0000-00-00 |w 2015-01-16 |y STK0 |0 0 |6 530_092000000000000_L250M | ||
| 952 | |0 0 |1 0 |2 ddc |4 0 |6 530_092000000000000_L250M |7 0 |8 500 |9 57197 |a qbu |b qbu |c D3 |d 2015-01-16 |g 36000 |l 1 |m 1 |o 530.092 L250M |p 5917.c2 |r 2015-09-03 |s 2015-08-21 |w 2015-01-16 |y STK0 |0 0 |6 530_092000000000000_L250M | ||